La exclamación en español estudio sintáctico y pragmático /

Wedi'i Gadw mewn:
Manylion Llyfryddiaeth
Prif Awdur: Alonso-Cortés, Angel
Fformat: Electronig eLyfr
Iaith:Sbaeneg
Cyhoeddwyd: Madrid : Minerva Ediciones, 1999.
Cyfres:Digitalia eBook Collection: Minerva Ediciones.
Pynciau:
Mynediad Ar-lein:Digitalia Hispánica
Tagiau: Ychwanegu Tag
Dim Tagiau, Byddwch y cyntaf i dagio'r cofnod hwn!

MARC

LEADER 00000nam a2200000Ia 4500
001 DIGMINER0007
003 NyNyDIG
006 m d
007 cr |||||||||||
008 130901s1999 sp ob 001 0 spa
020 |z 8488123043 (pbk.) 
020 |z 9788488123213 (pbk.) 
040 |a DGITA  |b eng  |e pn  |c DGITA 
050 0 0 |a PC4395 ebook 
100 1 |a Alonso-Cortés, Angel. 
245 1 3 |a La exclamación en español   |h [electronic resource] :  |b estudio sintáctico y pragmático /  |c Angel Alonso-Cortés. 
260 |a Madrid :  |b Minerva Ediciones,  |c 1999.  |e (New York, NY. :  |f Digitalia Inc,   |g 2012). 
300 |a 1 online resource (159 p.) 
504 |a Includes bibliographical references and index. 
506 |a Access restricted to subscribing institutions. 
650 0 |a Spanish language  |x Exclamations. 
655 0 |a Electronic books. 
791 2 |a Digitalia (Firm),  |e distributor. 
830 0 |a Digitalia eBook Collection: Minerva Ediciones. 
856 4 0 |3 Digitalia Hispánica  |u https://digitalia.unach.elogim.com/a/17436/